Eastern Utah Libraries Catalog: Duchesne, Heber, Roosevelt, & Vernal

One of the boys / (Record no. 415940)

MARC details
000 -LEADER
fixed length control field 02034cam a2200385 i 4500
001 - CONTROL NUMBER
control field in902990591
005 - DATE AND TIME OF LATEST TRANSACTION
control field 20260225144729.0
008 - FIXED-LENGTH DATA ELEMENTS--GENERAL INFORMATION
fixed length control field 240712s2025 nju d 000 1 eng
010 ## - LIBRARY OF CONGRESS CONTROL NUMBER
LC control number 2024942334
020 ## - INTERNATIONAL STANDARD BOOK NUMBER
International Standard Book Number 9781646145027
Qualifying information (hardcover)
035 ## - SYSTEM CONTROL NUMBER
System control number (OCoLC)1455106546
040 ## - CATALOGING SOURCE
Original cataloging agency TnLvILS
Language of cataloging eng
Description conventions rda
Transcribing agency TnLvILS
Modifying agency TnLvILS
082 04 - DEWEY DECIMAL CLASSIFICATION NUMBER
Classification number [Fic]
Edition number 23
092 ## - LOCALLY ASSIGNED DEWEY CALL NUMBER (OCLC)
Classification number young adult fiction
Item number Zeller
100 1# - MAIN ENTRY--PERSONAL NAME
Personal name Zeller, Victoria,
Relator term author.
9 (RLIN) 6560117
245 10 - TITLE STATEMENT
Title One of the boys /
Statement of responsibility, etc Victoria Zeller.
264 #1 - Production, Publication, Distribution, Manufacture, and Copyright Notice.
Place of production, publication, distribution, manufacture Hoboken :
Name of producer, publisher, distributor, manufacturer Levine Querido,
Date of production, publication, distribution, manufacture, or copyr 2025.
300 ## - PHYSICAL DESCRIPTION
Extent 331 pages ;
Dimensions 24 cm
336 ## - Content Type
Content type term text
337 ## - Media type
Media type term unmediated
338 ## - Carrier type
Carrier type term volume
520 ## - SUMMARY, ETC.
Summary, etc "Grace Woodhouse has left a lot behind. She used to have a great friend group, an amazing girlfriend, and a right foot set to earn her a Division I football scholarship-before she came out as trans. As senior year begins, Grace is struggling to find her place in early transition, new social circles, and a life without football. But when her skills as the best kicker in the state prove to be vital, her old teammates beg her to come out of retirement, dragging her back into a sport-into a way of life-she thought had turned its back on her forever. When a chance meeting cracks the door to college football back open, she has to decide how much of herself she's willing to give up for the game she loves"--
521 ## - TARGET AUDIENCE NOTE
Target audience note Ages 12-18
Source Levine Querido
586 ## - AWARDS NOTE
Awards note Stonewall Young Adult Book Award Winner, 2026
650 #0 - SUBJECT ADDED ENTRY--TOPICAL TERM
Topical term or geographic name as entry element Transgender athletes
Form subdivision Juvenile fiction.
9 (RLIN) 6560118
650 #0 - SUBJECT ADDED ENTRY--TOPICAL TERM
Topical term or geographic name as entry element Transgender people
Form subdivision Juvenile fiction.
9 (RLIN) 5722850
650 #0 - SUBJECT ADDED ENTRY--TOPICAL TERM
Topical term or geographic name as entry element Football players
Form subdivision Juvenile fiction.
9 (RLIN) 6453793
650 #0 - SUBJECT ADDED ENTRY--TOPICAL TERM
Topical term or geographic name as entry element Stonewall Book Award
9 (RLIN) 6448030
650 #1 - SUBJECT ADDED ENTRY--TOPICAL TERM
Topical term or geographic name as entry element Transgender people
Form subdivision Fiction.
9 (RLIN) 5722855
650 #1 - SUBJECT ADDED ENTRY--TOPICAL TERM
Topical term or geographic name as entry element Athletes
Form subdivision Fiction.
9 (RLIN) 5732945
650 #1 - SUBJECT ADDED ENTRY--TOPICAL TERM
Topical term or geographic name as entry element Football players
Form subdivision Fiction.
9 (RLIN) 5687241
655 #7 - INDEX TERM--GENRE/FORM
Genre/form data or focus term Bildungsromans.
Source of term lcgft
9 (RLIN) 102642
655 #7 - INDEX TERM--GENRE/FORM
Genre/form data or focus term Queer fiction.
Source of term lcgft
9 (RLIN) 6462087
942 ## - ADDED ENTRY ELEMENTS (KOHA)
Source of classification or shelving scheme Dewey Decimal Classification
Koha item type BOOK
Holdings
Withdrawn status Lost status Source of classification or shelving scheme Damaged status Not for loan Collection code Home library Current library Shelving location Date acquired Source of acquisition Total Checkouts Full call number Barcode Date last seen Cost, replacement price Price effective from Koha item type
    Dewey Decimal Classification     Young Adult Fiction Wasatch County Library Wasatch County Library Main Floor Teen Area 02/25/2026 Ingram   YA Zeller 34301002180059 02/25/2026 19.99 02/25/2026 BOOK
This project was made possible through a grant from the Institute of Museum and Library Service administered by the Utah State Library Division.

Wasatch County Library

  • 465 East 1200 South, Heber City, Utah 84032
  • Phone 435-654-1511 | Fax 435-654-6456

Hours

  • Monday - Friday 9:30 AM - 8:00 PM
  • Saturday 9:30 AM - 1:30 PM
  • Closed Sundays and Holidays